Priepustka na plnenie snov

Fenomén známy ako sabbatical podporujú osvietení zamestnávatelia v Európe i v USA. Dlhšie pracovné voľno na dobitie batérií. Lákavý zamestnanecký benefit aj nástroj na udržanie kľúčových ľudí. Zaujímavé príbehy zo života.

Na minha lista:
Detalhes bibliográficos
Autor principal: Mekyňová, Júlia
Formato: Capítulo de Livro
Idioma:eslovaco
Assuntos:
Tags: Adicionar Tag
Sem tags, seja o primeiro a adicionar uma tag!

MARC

LEADER 00000naa a2200000 4500
001 0182191
005 20231113083027.8
041 0 |a slo 
044 |a SK 
245 1 0 |a Priepustka na plnenie snov  |c Júlia Mekyňová 
520 |a Fenomén známy ako sabbatical podporujú osvietení zamestnávatelia v Európe i v USA. Dlhšie pracovné voľno na dobitie batérií. Lákavý zamestnanecký benefit aj nástroj na udržanie kľúčových ľudí. Zaujímavé príbehy zo života. 
610 2 0 |a práca 
610 2 0 |a voľno pracovné 
610 2 0 |a štýl životný 
610 2 0 |a zamestnávatelia 
610 2 0 |a zamestnanci 
610 2 0 |a benefity 
100 1 |a Mekyňová, Júlia